Satyricon

I tiakina i:
Ngā taipitopito rārangi puna kōrero
Kaituhi matua: Petronio Gaio
Hōputu: Pukapuka
Reo:Undetermined
I whakaputaina: Milano Newton Compton 1992
Ngā Tūtohu: Tāpirihia he Tūtohu
Kāore He Tūtohu, Me noho koe te mea tuatahi ki te tūtohu i tēnei pūkete!

MARC

LEADER 00000nam a2200000Ia 4500
001 174
003 NUMERAZIONE-ORIGINALE-BRESCIA
005 20260206230749.0
008 260206s9999 xx 000 0 und d
100 |a Petronio Gaio 
245 0 |a Satyricon 
260 |a Milano 
260 |b Newton Compton 
260 |c 1992 
500 |a Grandi tascabili economici 
942 |2 ddc  |c BK  |n 0 
952 |0 0  |1 0  |2 ddc  |4 0  |6 23  |7 0  |9 28370  |a BS  |b BS  |d 2026-02-06  |i 174  |l 0  |o 2-3-*  |r 2026-02-06 22:40:33  |w 2026-02-06  |x [REVISIONARE]  |y BK 
999 |c 24055  |d 24055